<?xml version="1.0" encoding="UTF-8"?><?xml-stylesheet type="text/xsl" href="static/style.xsl"?><OAI-PMH xmlns="http://www.openarchives.org/OAI/2.0/" xmlns:xsi="http://www.w3.org/2001/XMLSchema-instance" xsi:schemaLocation="http://www.openarchives.org/OAI/2.0/ http://www.openarchives.org/OAI/2.0/OAI-PMH.xsd"><responseDate>2026-04-17T11:36:24Z</responseDate><request verb="GetRecord" identifier="oai:www.recercat.cat:10230/35826" metadataPrefix="marc">https://recercat.cat/oai/request</request><GetRecord><record><header><identifier>oai:recercat.cat:10230/35826</identifier><datestamp>2025-12-26T11:22:40Z</datestamp><setSpec>com_2072_6</setSpec><setSpec>col_2072_452952</setSpec></header><metadata><record xmlns="http://www.loc.gov/MARC21/slim" xmlns:dcterms="http://purl.org/dc/terms/" xmlns:xsi="http://www.w3.org/2001/XMLSchema-instance" xmlns:doc="http://www.lyncode.com/xoai" xsi:schemaLocation="http://www.loc.gov/MARC21/slim http://www.loc.gov/standards/marcxml/schema/MARC21slim.xsd">
   <leader>00925njm 22002777a 4500</leader>
   <datafield ind2=" " ind1=" " tag="042">
      <subfield code="a">dc</subfield>
   </datafield>
   <datafield ind2=" " ind1=" " tag="720">
      <subfield code="a">Karakurt, Altug</subfield>
      <subfield code="e">author</subfield>
   </datafield>
   <datafield ind2=" " ind1=" " tag="720">
      <subfield code="a">Sentürk, Sertan</subfield>
      <subfield code="e">author</subfield>
   </datafield>
   <datafield ind2=" " ind1=" " tag="720">
      <subfield code="a">Serra, Xavier</subfield>
      <subfield code="e">author</subfield>
   </datafield>
   <datafield ind2=" " ind1=" " tag="260">
      <subfield code="c">2018-11-22T12:26:14Z</subfield>
   </datafield>
   <datafield ind2=" " ind1=" " tag="260">
      <subfield code="c">2018-11-22T12:26:14Z</subfield>
   </datafield>
   <datafield ind2=" " ind1=" " tag="260">
      <subfield code="c">2016</subfield>
   </datafield>
   <datafield ind2=" " ind1=" " tag="520">
      <subfield code="a">Comunicació presentada al 3rd International workshop on Digital Libraries for Musicology celebrat a Nova York el 12 d&amp;apos;agost de 2016.</subfield>
   </datafield>
   <datafield ind2=" " ind1=" " tag="520">
      <subfield code="a">In the general sense, mode defines the melodic framework and tonic acts as the reference tuning pitch for the melody in the performances of many music cultures. The mode and tonic information of the audio recordings is essential for many music information retrieval tasks such as automatic transcription, tuning analysis and music similarity. In this paper we present MORTY, an open source toolbox for mode recognition and tonic identification. The toolbox implements generalized variants of two state-of-the-art methods based on pitch distribution analysis. The algorithms are designed in a generic manner such that they can be easily optimized according to the culture-specific aspects of the studied music tradition. We test the generalized methodology systematically on the largest mode recognition dataset curated for Ottoman-Turkish makam music so far, which is composed of 1000 recordings in 50 modes. We obtained 95.8%, 71.8% and 63.6% accuracy in tonic identification, mode recognition and joint mode and tonic estimation tasks, respectively. We additionally present recent experiments on Carnatic and Hindustani music in comparison with several methodologies recently proposed for raga/raag recognition. We prioritized the reproducibility of our work and provide all of our data, code and results publicly. Hence we hope that our toolbox would be used as a benchmark for future methodologies proposed for mode recognition and tonic identification, especially for music traditions in which these computational tasks have not been addressed yet.</subfield>
   </datafield>
   <datafield ind2=" " ind1=" " tag="520">
      <subfield code="a">This work is partly supported by the European Research&#xd;
Council under the European Unions Seventh Framework&#xd;
Program, as part of the CompMusic project (ERC grant&#xd;
agreement 267583)</subfield>
   </datafield>
   <datafield tag="653" ind2=" " ind1=" ">
      <subfield code="a">Mode recognition</subfield>
   </datafield>
   <datafield tag="653" ind2=" " ind1=" ">
      <subfield code="a">Tonic identification</subfield>
   </datafield>
   <datafield tag="653" ind2=" " ind1=" ">
      <subfield code="a">Toolbox</subfield>
   </datafield>
   <datafield tag="653" ind2=" " ind1=" ">
      <subfield code="a">Ottoman Turkish makam music</subfield>
   </datafield>
   <datafield tag="653" ind2=" " ind1=" ">
      <subfield code="a">Carnatic Music</subfield>
   </datafield>
   <datafield tag="653" ind2=" " ind1=" ">
      <subfield code="a">Hindustani music</subfield>
   </datafield>
   <datafield tag="653" ind2=" " ind1=" ">
      <subfield code="a">Pitch class distribution</subfield>
   </datafield>
   <datafield tag="653" ind2=" " ind1=" ">
      <subfield code="a">k-nearest neighbors classification</subfield>
   </datafield>
   <datafield tag="653" ind2=" " ind1=" ">
      <subfield code="a">Open Source Software</subfield>
   </datafield>
   <datafield tag="653" ind2=" " ind1=" ">
      <subfield code="a">Reproducibility</subfield>
   </datafield>
   <datafield ind2="0" ind1="0" tag="245">
      <subfield code="a">MORTY: A toolbox for mode recognition and tonic identification</subfield>
   </datafield>
</record></metadata></record></GetRecord></OAI-PMH>